Slovník tibetské literatury

Bibliographic Details
Main Author: Kolmaš, Josef, 1933-2021 (Author)
Format: Book
Language:Czech
PhysicalDescription:207 s. 20 cm
Published: Praha Libri 2010
ISBN:9788072774531
Edition:1. vyd.
Subjects:

MARC

LEADER 00000cam a2200000 a 4500
001 vtls010121558
003 SK-MaSNL
005 20260301131417.0
008 240318s2010 xr d 000 0dcze
020 |a 9788072774531  |q (viaz.) 
040 |a SNK  |b slo  |c SNK  |e AACR2 
041 0 |a cze 
044 |a xr  |c CZ 
072 7 |a 821.58.09  |x Sino-tibetské literatúry (o nich)  |2 konspekt 
080 |a 821.584.6  |2 2001 
080 |a 821.584.6(091)  |2 2001 
080 |a 82-051  |2 2001 
080 |a (038.072)  |2 2001 
080 |a (031)929  |2 2001 
100 1 |a Kolmaš, Josef,  |d 1933-2021  |4 aut  |9 211051 
245 1 0 |a Slovník tibetské literatury  |c Josef Kolmaš 
250 |a 1. vyd. 
260 |a Praha  |b Libri  |c 2010 
300 |a 207 s.  |c 20 cm 
366 |e 600 výt. 
500 |a Chronologické prehľady 
504 |a Bibliogr. Register titulov 
650 0 7 |a tibetská literatúra  |2 SNKPH  |9 1730 
650 0 7 |a tibetská literatúra  |x dejiny  |2 SNKPH  |9 480649 
650 0 7 |a spisovatelia  |2 SNKPH  |9 4982 
650 0 7 |a Tibetan literature  |2 SNKPHeng  |9 480650 
650 0 7 |a Tibetan literature-history  |2 SNKPHeng  |9 480651 
650 0 7 |a Autors  |2 SNKPHeng  |9 474764 
655 7 |a výkladové slovníky  |2 SNKPH  |9 69007 
655 7 |a biografické slovníky  |2 SNKPH  |9 51960 
655 7 |a Explanatory dictionaries  |2 SNKPHeng  |9 278822 
655 7 |a Biographical dictionaries  |2 SNKPHeng  |9 278210 
919 |a 978-80-7277-453-1 
999 |c 747849  |d 749779 
952 |t snkKOL 895.41  |a SNKUST  |b SNKUST  |y PREZ  |7 0  |p 17A0834698  |o snkID 98629  |i snk2012/745  |8 4  |g 16.45  |0 0  |1 0  |4 0  |d 2011-11-10  |l 0  |r 2025-04-28 00:00:00  |w 2026-02-23